Códigos éticos para el mundo empresarial

Guardat en:
Dades bibliogràfiques
Autor principal: Lozano Aguilar, José Félix (autor)
Format: Llibre
Idioma:espanyol
Publicat: Madrid Trotta 2004
Col·lecció:Colección Estructuras y Procesos. Serie Ciencias Sociales
Matèries:
Etiquetes: Afegir etiqueta
Sense etiquetes, Sigues el primer a etiquetar aquest registre!

MARC

LEADER 00000nam a2200000 a 4500
001 UCK3150
003 CL-VaPUC
008 050415e20040000SP |||||||||||||||||spa|d
020 |a 8481647063 
082 0 4 |a 174.4  |b LOZ  |2 21 
100 |a Lozano Aguilar, José Félix  |e autor  |9 491131 
245 1 0 |a Códigos éticos para el mundo empresarial 
300 |a 255 p 
942 |c BK 
945 |d 20050415 00:00:00  |a cmena 
260 |a Madrid  |b Trotta  |c 2004 
650 0 |a Ética empresarial   |9 428363 
650 0 |a Administración pública   |9 255343 
650 0 |a Ética  |9 255099 
650 0 |a Comportamiento moral  |9 334569 
650 0 |a Administración de empresas   |9 260833 
583 |a last modification  |c 20050415 00:00:00  |k Rodrigo Vera 
490 0 |a Colección Estructuras y Procesos. Serie Ciencias Sociales 
999 |c 312417  |d 312415 
952 |0 0  |1 0  |4 0  |6 174_400000000000000_LOZ_2004  |7 0  |8 A  |9 382769  |a BIBTEO  |b BIBTEO  |d 2019-11-21  |i 4104277  |o 174.4 LOZ 2004  |p 4104277  |r 2025-01-17  |w 2019-11-21  |y BK  |k ICR